000 00281nam a22001337a 4500
008 170619b xxu||||| |||| 00| 0 eng d
020 _a9780870030574
041 _aeng
080 _a94
100 _a20
101 _aSHH
245 _aINTERVENTION
_cHAAS.R.N
942 _2udc
_cBK
999 _c18154
_d18154